| 000 | 00428nam a2200145Ia 4500 | ||
|---|---|---|---|
| 008 | 220214s9999 xx 000 0 und d | ||
| 100 | _aAngier D J | ||
| 245 | 0 | _aMastication of rubber. II. Interpolymerization of natural rubber and neoprene on cold milling | |
| 260 |
_bJournal of Polymer Science _c1955 |
||
| 300 | _a129-140 | ||
| 650 | _aIntercopymerization | ||
| 650 | _aMastication | ||
| 700 | _aWatson W F | ||
| 942 | _cRE | ||
| 999 |
_c45560 _d45560 |
||